Visualizzazione normale
Vista MARC
- Pérez Sedeño, Encarnación
di Personal Name
Records bibliografici associati: 1
001 - CONTROL NUMBER
- control field: 11579
003 - CONTROL NUMBER IDENTIFIER
- control field: IT-RoINE
005 - DATE AND TIME OF LATEST TRANSACTION
- control field: 20140910142629.0
008 - FIXED-LENGTH DATA ELEMENTS
- fixed length control field: 140910|| aca||aabn | a|a d
040 ## - CATALOGING SOURCE
- Original cataloging agency: IT-RoINE
- Transcribing agency: IT-RoINE
100 ## - HEADING--PERSONAL NAME
- Personal name: Pérez Sedeño, Encarnación
670 ## - SOURCE DATA FOUND
- Source citation: Work cat.: (IT-RoINE)0: Gautier Dalché, Jean, 10992 1913-2010, Historia urbana de León y Castilla en la Edad Media :, 1979.